| 000 | 00458nam a2200133Ia 4500 | ||
|---|---|---|---|
| 008 | 231017s9999 xx 000 0 und d | ||
| 082 | _a625.72 | ||
| 082 | _bPAV | ||
| 245 | 0 | _a"Pavement design guide for projects off the national highway system, less than one kilometer in length, and for less than 5,000,000 equivalent single axle loads" | |
| 245 | 0 | _cDivision of highway design | |
| 260 | _bDivision of highway design | ||
| 300 | _c30cm | ||
| 942 | _cREP | ||
| 999 |
_c605950 _d605950 |
||